| 000 -LEADER |
| fixed length control field |
01783cam a2200421 i 4500 |
| 001 - CONTROL NUMBER |
| control field |
18007621 |
| 005 - DATE AND TIME OF LATEST TRANSACTION |
| control field |
20221221121003.0 |
| 008 - FIXED-LENGTH DATA ELEMENTS--GENERAL INFORMATION |
| fixed length control field |
130213s2013 ii a bs 001 0 eng d |
| 010 ## - LIBRARY OF CONGRESS CONTROL NUMBER |
| LC control number |
2013410686 |
| 015 ## - NATIONAL BIBLIOGRAPHY NUMBER |
| National bibliography number |
GBB317010 |
| Source |
bnb |
| 016 7# - NATIONAL BIBLIOGRAPHIC AGENCY CONTROL NUMBER |
| Record control number |
016283893 |
| Source |
Uk |
| 020 ## - INTERNATIONAL STANDARD BOOK NUMBER |
| International Standard Book Number |
9780198081739 (hbk.) |
| 020 ## - INTERNATIONAL STANDARD BOOK NUMBER |
| International Standard Book Number |
0198081731 (hbk.) |
| 025 ## - OVERSEAS ACQUISITION NUMBER |
| Overseas acquisition number |
I-E-2013-410686; 63-92 |
| 035 ## - SYSTEM CONTROL NUMBER |
| System control number |
(OCoLC)829055545 |
| Canceled/invalid control number |
(OCoLC)813005088 |
| 035 ## - SYSTEM CONTROL NUMBER |
| System control number |
(OCoLC)ocn829055545 |
| 037 ## - SOURCE OF ACQUISITION |
| Stock number |
Library of Congress -- New Delhi Overseas Office |
| 040 ## - CATALOGING SOURCE |
| Original cataloging agency |
UKMGB |
| Language of cataloging |
eng |
| Transcribing agency |
UKMGB |
| Modifying agency |
OCLCO |
| -- |
BTCTA |
| -- |
KIJ |
| -- |
CDX |
| -- |
DKAGE |
| -- |
BDX |
| -- |
YDXCP |
| -- |
DLC |
| Description conventions |
rda |
| 042 ## - AUTHENTICATION CODE |
| Authentication code |
lccopycat |
| -- |
lcode |
| 050 00 - LIBRARY OF CONGRESS CALL NUMBER |
| Classification number |
DS480.853 |
| Item number |
.H355 2013 |
| 050 #4 - LIBRARY OF CONGRESS CALL NUMBER |
| Classification number |
JQ231 |
| 082 04 - DEWEY DECIMAL CLASSIFICATION NUMBER |
| Classification number |
320.954,HAN |
| Edition number |
23 |
| 245 00 - TITLE STATEMENT |
| Title |
Handbook of politics in Indian states : |
| Remainder of title |
region, parties, and economic reforms / |
| Statement of responsibility, etc. |
edited by Sudha Pai. |
| 250 ## - EDITION STATEMENT |
| Edition statement |
First edition. |
| 264 #1 - PRODUCTION, PUBLICATION, DISTRIBUTION, MANUFACTURE, AND COPYRIGHT NOTICE |
| Place of production, publication, distribution, manufacture |
New Delhi : |
| Name of producer, publisher, distributor, manufacturer |
Oxford University Press, |
| Date of production, publication, distribution, manufacture, or copyright notice |
2013. |
| 300 ## - PHYSICAL DESCRIPTION |
| Extent |
xix, 443 pages : |
| Other physical details |
illustrations : |
| Dimensions |
25 cm. |
| 336 ## - CONTENT TYPE |
| Content type term |
text |
| Source |
rdacontent |
| 337 ## - MEDIA TYPE |
| Media type term |
unmediated |
| Source |
rdamedia |
| 338 ## - CARRIER TYPE |
| Carrier type term |
volume |
| Source |
rdacarrier |
| 490 0# - SERIES STATEMENT |
| Series statement |
Oxford India handbooks |
| 505 ## - FORMATTED CONTENTS NOTE |
| Formatted contents note |
Introduction (Page-1), Part I: Regions and regionalism: Historical legacies and present day demands (Page-23), Part II: Political Parties and electrol politics in the states (Page-107), Part III: Social movements and politicsin the states (Page-233), Part IV: Economic reforms and state politics: Changing Patterns (Page-315). |
| 650 #0 - SUBJECT ADDED ENTRY--TOPICAL TERM |
| Topical term or geographic name entry element |
Political parties |
| Geographic subdivision |
India. |
| 9 (RLIN) |
105517 |
| 651 #0 - SUBJECT ADDED ENTRY--GEOGRAPHIC NAME |
| Geographic name |
India |
| General subdivision |
Politics and government |
| Chronological subdivision |
1977- |
| 9 (RLIN) |
950 |
| 700 1# - ADDED ENTRY--PERSONAL NAME |
| Personal name |
Pai, Sudha, |
| Dates associated with a name |
1950- |
| Relator term |
editor of compilation. |
| 9 (RLIN) |
105518 |
| 906 ## - LOCAL DATA ELEMENT F, LDF (RLIN) |
| a |
7 |
| b |
cbc |
| c |
copycat |
| d |
3 |
| e |
ncip |
| f |
20 |
| g |
y-gencatlg |
| 942 ## - ADDED ENTRY ELEMENTS (KOHA) |
| Source of classification or shelving scheme |
|
| Koha item type |
Book |
| Call number prefix |
320.954,HAN |